Normal view MARC view
  • Mohd. Fadzilah Kamsah,

Entry Personal Name

Number of records used in: 7

001 - CONTROL NUMBER

  • control field: 1278

003 - CONTROL NUMBER IDENTIFIER

  • control field: OSt

005 - DATE AND TIME OF LATEST TRANSACTION

  • control field: 20170504120224.0

008 - FIXED-LENGTH DATA ELEMENTS

  • fixed length control field: 170504|| aca||aabn | a|a d

040 ## - CATALOGING SOURCE

  • Original cataloging agency: OSt
  • Transcribing agency: OSt

100 ## - HEADING--PERSONAL NAME

  • Personal name: Mohd. Fadzilah Kamsah,
  • Titles and other words associated with a name: Dato',
  • Dates associated with a name: 1951-

670 ## - SOURCE DATA FOUND

  • Source citation: Work cat.: (OSt)0: Mohd. Fadzilah Kamsah, Dato', 1951-, Petua orang cemerlang /, 2005
Pusat Sumber Maklumat Dato' Haji Sarmin Md Hussin, Akademi Kastam Diraja Malaysia, Melaka
Tel: 06-2331106 | Faks: 06-2313787